000 00694nam a2200241 a 4500
001 BRCA_4129
005 20190320204544.0
008 140410s1916----sp-#######---#000-0#spa-#
041 _aspa
044 _asp
050 4 _aF1234.C3
_b.G64 1916
100 1 _aGonzález Blanco, Edmundo
_910662
245 1 0 _aCarranza y la Revolución de México
_cEdmundo González Blanco.
250 _a2
260 _aMadrid
_bImp. Helenica
_c1916
300 _a590 p.
_c19 cm.
440 0 _aBiblioteca constitucionalista
_v1
_910663
500 _aC157
600 1 4 _aCarranza, Venustiano
_d1859-1920
_910132
651 4 _aMéxico
_xHistoria
_yRevolución, 1910-1917
_910664
902 _aGFM
942 _2lcc
_cB
999 _c3845
_d3845